UBT Library

ORIGINS OF LIFE ON THE EARTH AND IN THE COSMOS (Record no. 60344)

000 -LEADER
fixed length control field 00355nam a22001457a 4500
008 - FIXED-LENGTH DATA ELEMENTS--GENERAL INFORMATION
fixed length control field 230912b ||||| |||| 00| 0 eng d
020 ## - INTERNATIONAL STANDARD BOOK NUMBER
International Standard Book Number 9780127819105
041 ## - LANGUAGE CODE
Language code of text/sound track or separate title eng
080 ## - UNIVERSAL DECIMAL CLASSIFICATION NUMBER
Edition identifier SECOND EDITION
Universal Decimal Classification number 521
082 ## - DEWEY DECIMAL CLASSIFICATION NUMBER
Classification number 521ZUB
100 ## - Rafti
Rafti 19
101 ## - Shkurtesa
Shkurtesa ASTRO
245 ## - TITLE STATEMENT
Title ORIGINS OF LIFE ON THE EARTH AND IN THE COSMOS
Statement of responsibility, etc ZUBAY .G
942 ## - ADDED ENTRY ELEMENTS (KOHA)
Source of classification or shelving scheme
Item type Books
Holdings
Withdrawn status Lost status Source of classification or shelving scheme Damaged status Not for loan Collection code Permanent location Current location Date acquired Total Checkouts Full call number Barcode Date last seen Price effective from Koha item type
          Koleksioni i përgjithshem UBT - Lipjan UBT - Lipjan 09/12/2023   521ZUB 002-800070277 09/12/2023 09/12/2023 Books
UBT Library © 2015-2024. All rights reserved University Education for Business and Technology